000
00305nam a2200121 a 4500
008
100924s1969|||| d
100
1
_a
de La Fayette, Madame
245
1
0
_a
Kňažná de Cléves
260
_b
Slovenský spisovateľ
_a
Bratislava
_c
1969
020
_c
11,50
044
_a
xo
_c
SK
041
_a
slo
999
_c
10701
_d
10701